Statistics for South America Shapes with flags quiz

Click here to take the quiz!

General Stats

  • This quiz has been taken 33 times
  • The average score is 11 of 12

Answer Stats

Answer% Correct
Argentina
100%
Brazil
100%
Colombia
100%
Chile
97%
Peru
97%
Guyana
93%
Uruguay
93%
Bolivia
90%
Ecuador
90%
Paraguay
90%
Suriname
86%
Venezuela
86%

Score Distribution

Percentile by Number Answered

Percent of People with Each Score

Your Score History

You have not taken this quiz